Co to za zwierzak? #8 - Statystyki

Ogólne statystyki
  • Ten quiz został rozwiązany 28 razy
  • Średni wynik to 10 z 24
Statystyki odpowiedzi
Obrazkowy Hint Odpowiedź % Poprawnych
x andyjskie Gwanako / Guanako
100%
(rasa psa) Baset / Basset
67%
x amerykański (rasa kota) Curl
67%
x przybrzeżny Diugoń
67%
x leśna Myszarka
67%
x syberyjska Polatucha
67%
x żałobna Rudawka / Kalong
67%
x plamisty Skunksik
67%
x afrykański, inaczej kot złoty Złotokot
67%
x pustynny Adaks
33%
x malajski Biruang
33%
(rasa owcy) Cygaj
33%
inaczej Foksterier szorstkowłosy (rasa psa) Foks
33%
x białolicy Gibboniec
33%
x zwyczajna Gundia
33%
inaczej Owczarek południoworosyjski(rasa psa) Jużak
33%
x turmeński Kułan / Dżigetaj / Onager
33%
x borneański Mormi
33%
inaczej Szpic miniaturowy (rasa psa) Pomeranian
33%
mini x (rasa królika) Reks
33%
x białawy Zębiełek
33%
x lub koń y (rasa konia) Arden / ardeński
0%
(rasa kota) Korat
0%
(rasa owcy) Lacaune
0%
Nie znaleziono quizów pasujących do podanych kryteriów
Rozkład punktacji
Procent ludzi z każdym wynikiem
Percentyl według liczby udzielonych odpowiedzi
Twoja historia wyników
Nie rozwiązałeś tego quizu